000 00853nam a2200253 a 4500
999 _c12280
_d12280
001 12280
003 BD-JhCC
005 20220731134024.0
008 210921b20042013bg |||| ||a| 000 0 Ben d
020 _a9789382663102
035 _a(BD-JhCC)12280
040 _aBD-JhCC
_dBD-JhCC
041 _aBengali
082 _a398.3
_bCHO 2013
245 _aলোকসংস্কৃতির বিশ্বকোষ /
_cসম্পা: ড. দুলাল চৌধুরী, ড. পল্লব সেনগুপ্ত ।
260 _aঢাকা:
_bপুস্তক বিপন;
_c২০১৩.
300 _a668 p. :
_c24 cm.
650 _aFolk cultvre
650 _aEncyclopedia
700 _aচৌধুরী, ড. দুলাল
700 _aসেনগুপ্ত, ড. পল্লব
942 _2ddc
_cBK
_01